FRA-Duques de Bretaña - Estadísticas

Estadísticas generales
  • Esta prueba ha sido intentada 7 veces
  • La puntuación promedio es 16 de 42
Estadísticas de respuestas
Período Nombre % Correcto
1536-1547 Enrique
83%
992-1008 Godofredo I
67%
1181-1186 Godofredo II
67%
1221-1286 Juan I
67%
1286-1305 Juan II
67%
1312-1341 Juan III
67%
1364-1399 Juan IV
67%
1399-1442 Juan V
67%
1196-1201 Arturo I
50%
1305-1312 Arturo II
50%
1457-1458 Arturo III
50%
1442-1450 Francisco I
50%
1458-1488 Francisco II
50%
1524-1536 Francisco III
50%
1213-1221 Pedro I
50%
1450-1457 Pedro II
50%
988-990 Alano
33%
890-907 Alano I
33%
936-952 Alano II
33%
1008-1040 Alano III
33%
1072-1112 Alano IV
33%
1203-1221 Alix
33%
1488-1514 Ana
33%
1148-1159 Bertha
33%
1514-1524 Claudia
33%
990-992 Conan I
33%
1040-1066 Conan II
33%
1112-1148 Conan III
33%
1156-1166 Conan IV
33%
952-958 Drogo
33%
1066-1072 Havoise
33%
960-981 Hoel I
33%
1066-1084 Hoel II
33%
857-874 Salomón I
33%
851-857 Erispoe
17%
907-913 Gourmaelon
17%
981-988 Guérech
17%
1199-12011203-1213 Guy
17%
845-851 Nominoe
17%
1166-1201 Constaza
0%
1008-1034 Odo I
0%
1148-1156 Odo II
0%
No se encontraron pruebas coincidentes
Distribución de puntuación
Porcentaje de gente con cada puntuación
Porcentaje por número respondido
Historial de tus puntuaciones
No has intentado esta prueba.